[Event "9th Asrian Memorial 2016"]
[Site "Yerevan ARM"]
[Date "2016.06.20"]
[Round "5.31"]
[White "Hakobyan, Yurik L."]
[Black "Golikov, Sergei"]
[Result "0-1"]
[WhiteElo "1544"]
[BlackElo "1774"]
[WhiteFideId "13308866"]
[BlackFideId "34103330"]
[EventDate "2016.06.16"]

1. e4 e6 2. d4 d5 3. Nc3 Nf6 4. Bg5 Be7 5. e5 Nfd7 6. Bxe7 Qxe7 7. Qg4 f6 8. Nf3
c5 9. Bb5 Nc6 10. Bd3 cxd4 11. Nb5 Ndxe5 12. Nxe5 Nxe5 13. Qxd4 a6 14. Qa4 Nxd3+
15. cxd3 O-O 16. Nc3 Bd7 17. Qh4 Qf7 18. O-O e5 19. f4 Qe6 20. f5 Qb6+ 21. Rf2
Bc6 22. Re1 d4 23. Ne4 Bxe4 24. Rxe4 Rac8 25. g4 Rc1+ 26. Kg2 Rfc8 27. g5 R1c2
28. gxf6 Rxf2+ 29. Qxf2 Qxf6 30. h4 Rf8 31. Qe2 Qxf5 32. Rxe5 Qg6+ 33. Rg5 Qc6+
34. Kh2 h6 35. Rg2 Qf6 36. Qe4 Qf4+ 37. Qxf4 Rxf4 38. Kg3 Rf1 39. Rd2 Kf7 40.
Kg2 Re1 41. Kf2 Re3 42. Kg2 Kg6 43. Kf1 Kh5 44. Rg2 g6 45. b3 Rxd3 46. Ke1 Rh3
47. b4 Rxh4 48. a4 d3 49. Rb2 Rh1+ 50. Kd2 Rh2+ 51. Kc3 Rxb2 52. Kxb2 g5 53. Kc3
Kg4 54. Kxd3 Kf3 55. Kc4 g4 56. Kc5 g3 57. Kb6 g2 58. Kxb7 a5 59. b5 g1=Q 60.
Ka6 Qe1 0-1

[Event "9th Asrian Memorial 2016"]
[Site "Yerevan ARM"]
[Date "2016.06.21"]
[Round "6.1"]
[White "Zhigalko, Andrey"]
[Black "Oleksiyenko, Mykhaylo"]
[Result "1-0"]
[WhiteTitle "GM"]
[BlackTitle "GM"]
[WhiteElo "2594"]
[BlackElo "2615"]
[WhiteFideId "13502247"]
[BlackFideId "4152417"]
[EventDate "2016.06.16"]

1. d4 Nf6 2. c4 g6 3. Nf3 Bg7 4. g3 O-O 5. Bg2 d6 6. O-O Nc6 7. Nc3 e5 8. d5 Ne7
9. e4 Nd7 10. Be3 h6 11. Qd2 Kh7 12. Nh4 f5 13. exf5 gxf5 14. f4 e4 15. g4 Nf6
16. gxf5 Nxf5 17. Nxf5 Bxf5 18. Bd4 c5 19. dxc6 bxc6 20. Rae1 d5 21. cxd5 cxd5
22. Bxf6 Rxf6 23. Qxd5 Qb6+ 24. Kh1 Rd8 25. Qb3 Qxb3 26. axb3 Kh8 27. Bxe4 Be6
28. b4 Rd2 29. f5 Bc4 30. Rg1 Rxb2 31. Nd5 Rd6 32. Bf3 Re2 33. Nf4 Rxe1 34. Rxe1
Rf6 35. Re8+ Bf8 36. Be4 Kg8 37. Ne6 Bb5 38. Rb8 Bd7 39. Nxf8 1-0

[Event "9th Asrian Memorial 2016"]
[Site "Yerevan ARM"]
[Date "2016.06.21"]
[Round "6.2"]
[White "Kovalev, Vladislav"]
[Black "Andriasian, Zaven"]
[Result "1/2-1/2"]
[WhiteTitle "GM"]
[BlackTitle "GM"]
[WhiteElo "2584"]
[BlackElo "2611"]
[WhiteFideId "13504398"]
[BlackFideId "13302000"]
[EventDate "2016.06.16"]

1. e4 c5 2. Nf3 d6 3. d4 cxd4 4. Nxd4 Nf6 5. Nc3 a6 6. h3 g6 7. g4 Bg7 8. Bg2
O-O 9. Be3 Nc6 10. Qd2 Nxd4 11. Bxd4 b5 12. O-O-O Bb7 13. f4 e5 14. fxe5 dxe5
15. Be3 b4 1/2-1/2

[Event "9th Asrian Memorial 2016"]
[Site "Yerevan ARM"]
[Date "2016.06.21"]
[Round "6.3"]
[White "Pashikian, Arman"]
[Black "Stupak, Kirill"]
[Result "1/2-1/2"]
[WhiteTitle "GM"]
[BlackTitle "GM"]
[WhiteElo "2611"]
[BlackElo "2555"]
[WhiteFideId "13301578"]
[BlackFideId "13503758"]
[EventDate "2016.06.16"]

1. d4 Nf6 2. Nf3 e6 3. c4 d5 4. Nc3 c6 5. e3 Nbd7 6. Be2 Bd6 7. O-O O-O 8. a4 a5
9. Qc2 dxc4 10. Bxc4 e5 11. h3 exd4 12. exd4 Nb6 13. Bb3 Nfd5 14. Re1 h6 15. Qe4
Qf6 16. Bc2 Qg6 17. Qe2 Qh5 18. Ne4 Nf4 19. Bxf4 Bxf4 20. Qd3 Nd5 21. Ne5 Bxe5
22. Ng3 Qg6 23. Qb3 Qg5 24. Rxe5 Qh4 25. Qd3 g6 26. Bb3 Be6 27. Qd2 Qf4 28. Qxf4
Nxf4 29. Bxe6 Nxe6 30. d5 cxd5 31. Rxd5 Rfd8 32. Rb5 1/2-1/2

[Event "9th Asrian Memorial 2016"]
[Site "Yerevan ARM"]
[Date "2016.06.21"]
[Round "6.4"]
[White "Hovhannisyan, Robert"]
[Black "Shahinyan, David"]
[Result "1-0"]
[WhiteTitle "GM"]
[BlackTitle "IM"]
[WhiteElo "2641"]
[BlackElo "2442"]
[WhiteFideId "13302507"]
[BlackFideId "13304380"]
[EventDate "2016.06.16"]

1. e4 d6 2. d4 Nf6 3. Nc3 e5 4. Nf3 Nbd7 5. Bc4 Be7 6. O-O O-O 7. a4 c6 8. Re1
exd4 9. Nxd4 Ne5 10. Ba2 Re8 11. h3 Bd7 12. Bf4 Bf8 13. Qd2 h6 14. Bh2 Qb6 15.
a5 Qb4 16. f4 Nc4 17. Bxc4 Qxc4 18. b3 Qb4 19. Ra4 Qc5 20. e5 dxe5 21. fxe5 Qe7
22. Nf3 Nd5 23. Ne4 b5 24. Rd4 b4 25. Nd6 Be6 26. Rd3 Qc7 27. Nd4 Qxa5 28. Nxe8
Rxe8 29. Nxc6 Qb6+ 30. Nd4 Bf5 31. Rf3 Bxc2 32. Qxc2 Qxd4+ 33. Kh1 Nc3 34. Ref1
Re7 35. e6 Rxe6 36. Rxf7 Re8 37. Qf5 Qc5 38. Rxg7+ Kxg7 39. Qf7+ 1-0

[Event "9th Asrian Memorial 2016"]
[Site "Yerevan ARM"]
[Date "2016.06.21"]
[Round "6.5"]
[White "Gabuzyan, Hovhannes"]
[Black "Sargsyan, Shant"]
[Result "1/2-1/2"]
[WhiteTitle "GM"]
[BlackTitle "CM"]
[WhiteElo "2614"]
[BlackElo "2378"]
[WhiteFideId "13303732"]
[BlackFideId "13306766"]
[EventDate "2016.06.16"]

1. g3 Nf6 2. Bg2 d5 3. Nf3 c6 4. O-O Bg4 5. d4 e6 6. Nbd2 Nbd7 7. Re1 Be7 8. e4
dxe4 9. Nxe4 Nxe4 10. Rxe4 Nf6 11. Re1 O-O 12. c3 Qb6 13. Qb3 Bxf3 14. Bxf3 Rfd8
15. Kg2 Nd5 16. h4 Rd7 17. Bd2 Rad8 18. Rad1 h6 19. Bc1 Qxb3 20. axb3 a5 21. Bd2
c5 22. Bc1 b6 23. Be2 Nc7 24. dxc5 Rxd1 25. Rxd1 Rxd1 26. Bxd1 Bxc5 27. h5 Kf8
28. Be2 Ke7 29. Bd2 Nd5 30. g4 Kf6 31. Bc4 Ke5 32. Kf3 Be7 33. Bxd5 Kxd5 34. c4+
Kc6 35. Bc3 f6 36. Ke4 Bb4 37. f3 Kd7 38. Bd4 1/2-1/2

[Event "9th Asrian Memorial 2016"]
[Site "Yerevan ARM"]
[Date "2016.06.21"]
[Round "6.6"]
[White "Grigoryan, Karen H."]
[Black "Movsisyan, Vardan"]
[Result "1-0"]
[WhiteTitle "GM"]
[WhiteElo "2604"]
[BlackElo "2179"]
[WhiteFideId "13301004"]
[BlackFideId "13301799"]
[EventDate "2016.06.16"]

1. e4 c5 2. d4 cxd4 3. c3 dxc3 4. Nxc3 Nc6 5. Nf3 d6 6. Bc4 e6 7. O-O Be7 8. Qe2
g5 9. Rd1 g4 10. Nd4 Ne5 11. Bf4 Ng6 12. Be3 h5 13. Ndb5 a6 14. Nxd6+ Bxd6 15.
e5 Qa5 16. exd6 Bd7 17. Nd5 Rc8 18. Nb6 Rc6 19. b4 Qe5 20. Nxd7 Kxd7 21. b5 Rxd6
22. Rxd6+ Kxd6 23. Qd2+ Ke7 24. Bd4 Qd6 25. Qe3 Ke8 26. bxa6 bxa6 27. Qe4 Rh7
28. Rb1 f5 29. Qxe6+ Qxe6 30. Bxe6 Nh6 31. Bf6 1-0

[Event "9th Asrian Memorial 2016"]
[Site "Yerevan ARM"]
[Date "2016.06.21"]
[Round "6.7"]
[White "Babujian, Levon"]
[Black "Petrosyan, Manuel"]
[Result "1-0"]
[WhiteTitle "GM"]
[BlackTitle "IM"]
[WhiteElo "2469"]
[BlackElo "2518"]
[WhiteFideId "13301993"]
[BlackFideId "13300857"]
[EventDate "2016.06.16"]

1. d4 Nf6 2. c4 e6 3. Nf3 b6 4. g3 Ba6 5. Qa4 Bb7 6. Bg2 c5 7. dxc5 bxc5 8. O-O
Be7 9. Nc3 O-O 10. Rd1 Qb6 11. Bf4 Rd8 12. Rd2 d5 13. cxd5 exd5 14. Ne5 Na6 15.
Rad1 Nc7 16. e4 g5 17. Bxg5 d4 18. Ne2 Qe6 19. Bxf6 Bxf6 20. Nd3 Be7 21. Nef4
Qa6 22. Qc2 Qa5 23. Ne5 Bf6 24. Nc4 Qxa2 25. e5 Bxg2 26. exf6 Bf3 27. Qf5 Kh8
28. Rc1 Re8 29. Ne5 Bb7 30. Qh5 Rf8 31. Qh6 Rg8 32. b3 Qxb3 33. Rb2 1-0

[Event "9th Asrian Memorial 2016"]
[Site "Yerevan ARM"]
[Date "2016.06.21"]
[Round "6.8"]
[White "Hakobyan, Aram"]
[Black "Zubov, Alexander"]
[Result "0-1"]
[WhiteTitle "FM"]
[BlackTitle "GM"]
[WhiteElo "2382"]
[BlackElo "2627"]
[WhiteFideId "13306677"]
[BlackFideId "14109409"]
[EventDate "2016.06.16"]

1. c4 e5 2. Nc3 d6 3. g3 f5 4. Bg2 Nf6 5. e3 g6 6. Nge2 Bg7 7. O-O O-O 8. d4 c6
9. b3 e4 10. f3 d5 11. Qd2 exf3 12. Bxf3 Ne4 13. Bxe4 dxe4 14. Nf4 Re8 15. Bb2
Nd7 16. Rad1 Nf6 17. d5 Ng4 18. d6 Bd7 19. Kh1 Qg5 20. h3 Qh6 21. Kg2 Ne5 22. h4
Nf3 23. Rxf3 exf3+ 24. Kxf3 Be5 25. c5 Qg7 26. Nd3 Bf6 27. Ne2 Re4 28. Bxf6 Qxf6
29. Qc3 Kf7 30. Qxf6+ Kxf6 31. Nf2 Ree8 32. Nd4 Be6 33. Nd3 Bd5+ 34. Kf2 Be4 35.
Nf4 Re5 36. d7 Rd8 37. b4 Rxd7 38. Rc1 a5 39. bxa5 Re8 40. Nfe2 Ra8 41. Nc3 Rxa5
42. a4 Bd5 43. Ke2 Ke7 44. h5 Rxc5 45. hxg6 hxg6 46. Kd2 Bf7 47. g4 Re5 48. Kc2
Rxe3 49. Rd1 c5 0-1

[Event "9th Asrian Memorial 2016"]
[Site "Yerevan ARM"]
[Date "2016.06.21"]
[Round "6.9"]
[White "Torosyan, Norayr"]
[Black "Ter-Sahakyan, Samvel"]
[Result "0-1"]
[BlackTitle "GM"]
[WhiteElo "2361"]
[BlackElo "2617"]
[WhiteFideId "13300431"]
[BlackFideId "13302531"]
[EventDate "2016.06.16"]

1. e4 c5 2. Nf3 d6 3. d4 cxd4 4. Nxd4 Nf6 5. Nc3 a6 6. h3 e5 7. Nde2 h5 8. Bg5
Be6 9. Bxf6 Qxf6 10. Nd5 Qd8 11. Nec3 Nc6 12. Bc4 g6 13. O-O Bg7 14. Ne3 Rc8 15.
Ncd5 Na5 16. Bb3 O-O 17. Qd3 b5 18. a4 Nb7 19. axb5 Nc5 20. Qe2 axb5 21. Ra7 Kh8
22. f3 Bh6 23. Ba2 Qg5 24. Kh1 Ra8 25. Rxa8 Rxa8 26. Bb1 b4 27. Qe1 Rb8 28. Ba2
b3 29. cxb3 Nd3 30. Qc3 Nf4 31. Nxf4 Qxf4 32. Nc4 Qg3 33. Qe1 Qxe1 34. Rxe1 Bxc4
35. bxc4 Rxb2 36. Bb1 Rd2 37. Kg1 Bf4 38. Kf1 Bg3 39. Rc1 Kg7 40. Bc2 Bf2 41.
Ba4 Bc5 42. Rc2 Rd1+ 43. Ke2 Rg1 44. Kd3 Kh6 45. Be8 f6 46. Kc3 Bd4+ 47. Kd3 Ra1
48. Bf7 h4 49. Ke2 Kg5 50. Rd2 Ra7 51. Be8 Ra8 52. Bf7 Rf8 53. Bd5 Kf4 54. Ra2
Kg3 55. Kd3 Rb8 56. Bf7 g5 57. Be6 Bf2 58. Ra6 Bc5 59. Ra2 Rb3+ 60. Kc2 Re3 61.
Kd1 Rc3 62. Rc2 Ra3 63. Rd2 Ra6 64. Bc8 Rb6 65. Ra2 Rb1+ 66. Kc2 Rb8 67. Bg4
Kxg2 68. Rb2 Ra8 69. Kb1+ Kg3 70. Ra2 Rf8 71. Rb2 Bd4 72. Rb7 Kf2 73. Kc2 Bc5
74. Kd3 Kg3 75. Rc7 Kf4 76. Rc8 Rf7 77. Ra8 Kg3 78. Ra2 Rb7 79. Kc2 Rb4 80. Kd3
Rb3+ 81. Kc2 Rxf3 82. Bxf3 Kxf3 83. Kd3 Kg3 84. Ra1 Kxh3 85. Rf1 Kg2 86. Rxf6 g4 0-1

[Event "9th Asrian Memorial 2016"]
[Site "Yerevan ARM"]
[Date "2016.06.21"]
[Round "6.10"]
[White "Vardanian, Haik G."]
[Black "Sivuk, Vitaly"]
[Result "0-1"]
[WhiteTitle "FM"]
[BlackTitle "GM"]
[WhiteElo "2355"]
[BlackElo "2520"]
[WhiteFideId "13303562"]
[BlackFideId "14116502"]
[EventDate "2016.06.16"]

1. c4 Nf6 2. Nf3 g6 3. b3 Bg7 4. Bb2 O-O 5. g3 c5 6. Bg2 d6 7. d4 Qa5+ 8. Bc3
Qc7 9. Nbd2 Re8 10. d5 e6 11. dxe6 Bxe6 12. O-O Nc6 13. Ng5 Bf5 14. Rc1 Rad8 15.
Nh3 Bxh3 16. Bxh3 d5 17. cxd5 Nxd5 18. Bxg7 Kxg7 19. Rxc5 Qe7 20. Qa1+ Nf6 21.
Qc3 Nd4 22. Bg4 Qxe2 23. Nf3 Ne4 24. Nxd4 Qxf1+ 25. Kxf1 Nxc3 26. Ne6+ fxe6 27.
Rxc3 Kf6 28. Bf3 Rd2 29. a4 Re7 30. h4 Red7 31. Be2 Rb2 32. Bb5 Rdd2 33. Rf3+
Ke7 34. Bc4 h6 0-1

[Event "9th Asrian Memorial 2016"]
[Site "Yerevan ARM"]
[Date "2016.06.21"]
[Round "6.11"]
[White "Kalashian, David"]
[Black "Petrosyan, Tigran S."]
[Result "1-0"]
[WhiteTitle "IM"]
[BlackTitle "IM"]
[WhiteElo "2316"]
[BlackElo "2478"]
[WhiteFideId "13302418"]
[BlackFideId "13303678"]
[EventDate "2016.06.16"]

1. e4 e5 2. Nf3 Nc6 3. d4 exd4 4. Nxd4 Bc5 5. Nxc6 Qf6 6. Qf3 bxc6 7. Nd2 d6 8.
Nb3 Bb6 9. Bd2 Qxf3 10. gxf3 Ne7 11. Rg1 O-O 12. c4 c5 13. Bc3 f6 14. O-O-O a5
15. Na1 a4 16. Nc2 Ba5 17. Bxa5 Rxa5 18. Na3 Bd7 19. f4 Bc6 20. Nb5 Bxb5 21.
cxb5 Rd8 22. Bc4+ Kf8 23. Rd3 f5 24. Rh3 h6 25. Rhg3 d5 26. Be2 fxe4 27. Rxg7
Rd6 28. Rh7 Nf5 29. Rh8+ Ke7 30. Rgg8 Nd4 31. Bh5 Rf6 32. Re8+ Kd6 33. Rd8+ Ke6
34. Bg4+ Nf5 35. Rhe8+ Kf7 36. Bh5+ 1-0

[Event "9th Asrian Memorial 2016"]
[Site "Yerevan ARM"]
[Date "2016.06.21"]
[Round "6.12"]
[White "Bakunts, Rafael"]
[Black "Igonin, Temur"]
[Result "1-0"]
[BlackTitle "IM"]
[WhiteElo "2355"]
[BlackElo "2474"]
[WhiteFideId "13304097"]
[BlackFideId "14203049"]
[EventDate "2016.06.16"]

1. e4 c5 2. Nf3 d6 3. d4 cxd4 4. Nxd4 Nf6 5. Nc3 g6 6. Be3 Bg7 7. f3 Nc6 8. Qd2
O-O 9. Bc4 Bd7 10. O-O-O Rb8 11. Bb3 Na5 12. Bh6 Bxh6 13. Qxh6 b5 14. Kb1 e5 15.
Nde2 Nxb3 16. axb3 b4 17. Na2 Rb6 18. h4 a5 19. h5 Be6 20. g4 Qe7 21. Ng3 Nd7
22. hxg6 fxg6 23. Rdg1 a4 24. Nf5 Qf7 25. Qc1 Kh8 26. Rxh7+ Qxh7 27. Rh1 gxf5
28. Rxh7+ Kxh7 29. exf5 axb3 30. fxe6 bxa2+ 31. Ka1 Nf6 32. e7 Rg8 33. Qe3 Rgb8
34. Qg5 Ne8 35. Qf5+ Kh6 36. b3 R6b7 37. Qf8+ Kg6 38. Qf5+ Kh6 39. Qf7 Ng7 40.
Qf6+ Kh7 41. g5 Ne8 42. Qf7+ Ng7 43. e8=Q Rxe8 44. Qxb7 Kg6 45. Qxb4 Nf5 46.
Kxa2 Kxg5 47. Qb7 Rh8 48. c3 Rh2+ 49. Ka3 Re2 50. b4 Re3 51. Kb2 Kf4 52. b5 Rxf3
53. b6 e4 54. Qa6 Rf2+ 55. Kc1 e3 56. b7 e2 57. Kd2 Nh4 58. Qxe2 Nf3+ 59. Kd1 1-0

[Event "9th Asrian Memorial 2016"]
[Site "Yerevan ARM"]
[Date "2016.06.21"]
[Round "6.13"]
[White "Hovhannisyan, Karen G."]
[Black "Harutyunian, Tigran K."]
[Result "0-1"]
[BlackTitle "IM"]
[WhiteElo "2244"]
[BlackElo "2462"]
[WhiteFideId "13306618"]
[BlackFideId "13303635"]
[EventDate "2016.06.16"]

1. e4 e5 2. Nf3 Nc6 3. d4 exd4 4. Nxd4 Bc5 5. Nxc6 bxc6 6. Nd2 Ne7 7. Nb3 Bb6 8.
c4 c5 9. Be2 a5 10. a4 Bb7 11. f3 O-O 12. Be3 d6 13. Qd2 Qe8 14. Bf2 Bc6 15. e5
Bxa4 16. exd6 cxd6 17. Qxd6 Bxb3 18. Qxb6 Bxc4 19. Qxc5 Rc8 20. Qe5 Ng6 21. Qe4
Qb5 0-1

[Event "9th Asrian Memorial 2016"]
[Site "Yerevan ARM"]
[Date "2016.06.21"]
[Round "6.14"]
[White "Manukyan, Sargis A."]
[Black "Mikaelyan, Arman"]
[Result "0-1"]
[BlackTitle "IM"]
[WhiteElo "2247"]
[BlackElo "2444"]
[WhiteFideId "13303970"]
[BlackFideId "13304852"]
[EventDate "2016.06.16"]

1. d4 Nf6 2. c4 e6 3. Nc3 Bb4 4. a3 Bxc3+ 5. bxc3 O-O 6. e3 d5 7. cxd5 exd5 8.
Bd3 b6 9. Ne2 Ba6 10. Bc2 c5 11. O-O Nc6 12. Re1 Rc8 13. Ng3 Re8 14. Bf5 Rc7 15.
f3 h5 16. Bb1 g6 17. e4 h4 18. Bg5 hxg3 19. e5 gxh2+ 20. Kh1 Ne4 21. Bxd8 Nf2+
22. Kxh2 Nxd1 23. Bxc7 Nxc3 24. dxc5 bxc5 25. Bd6 c4 26. Bc5 d4 27. Be4 Rxe5 28.
Bd6 Rh5+ 29. Kg3 Nxe4+ 30. fxe4 c3 31. Kf2 Ne5 32. Rh1 Nd3+ 33. Kg3 Rxh1 34.
Rxh1 c2 35. Bf4 Nxf4 36. Kxf4 Be2 37. Rc1 g5+ 38. Kxg5 d3 0-1

[Event "9th Asrian Memorial 2016"]
[Site "Yerevan ARM"]
[Date "2016.06.21"]
[Round "6.15"]
[White "Baghdasaryan, Vahe"]
[Black "Davtyan, Artur"]
[Result "1-0"]
[WhiteTitle "IM"]
[WhiteElo "2452"]
[BlackElo "2239"]
[WhiteFideId "13303139"]
[BlackFideId "13308327"]
[EventDate "2016.06.16"]

1. c4 c5 2. Nc3 Nc6 3. g3 g6 4. Bg2 Bg7 5. d3 e6 6. h4 h6 7. e4 Nge7 8. Be3 Nd4
9. Qd2 Nec6 10. f4 h5 11. Nh3 d6 12. O-O a6 13. Ng5 O-O 14. Kh1 Rb8 15. Ne2 b5
16. Rab1 bxc4 17. Bxd4 cxd4 18. dxc4 Qa5 19. Qd1 Qxa2 20. e5 Ne7 21. Qxd4 Nf5
22. Qd3 dxe5 23. Nc3 Qb3 24. Nge4 exf4 25. Rxf4 Bb7 26. Nc5 Bxg2+ 27. Kxg2 Rbd8
28. Qxf5 Qxc3 29. Qxf7+ Rxf7 30. bxc3 Rxf4 31. gxf4 Bxc3 32. Nxe6 Rd6 33. Rb8+
Kf7 34. Ng5+ Ke7 35. Ne4 Rd4 36. Nxc3 Rxc4 37. Ne2 Rc6 38. Kf3 Kf6 39. Nd4 Rc3+
40. Ke4 Rh3 41. Rb6+ Kf7 42. Nf3 1-0

[Event "9th Asrian Memorial 2016"]
[Site "Yerevan ARM"]
[Date "2016.06.21"]
[Round "6.16"]
[White "Sayadyan, Edvard"]
[Black "Kotanjian, Tigran"]
[Result "0-1"]
[BlackTitle "GM"]
[WhiteElo "2016"]
[BlackElo "2485"]
[WhiteFideId "13304909"]
[BlackFideId "13301250"]
[EventDate "2016.06.16"]

1. e4 c5 2. Nf3 Nc6 3. d4 cxd4 4. Nxd4 e6 5. Nc3 a6 6. Be3 Nf6 7. Qf3 Bb4 8.
Nxc6 bxc6 9. Bd4 d5 10. O-O-O O-O 11. exd5 cxd5 12. Bxf6 Qxf6 13. Qxf6 gxf6 14.
Na4 Rb8 15. Rd4 Bd7 16. a3 Be7 17. Nc3 Rb6 18. Bd3 Rfb8 19. Nd1 f5 20. c3 Bc5
21. Rh4 e5 22. b4 Be7 23. Rh5 e4 24. Bc2 Be6 25. Ne3 Bf6 26. Rd1 d4 27. cxd4 a5
28. bxa5 Rb5 29. a4 Rxa5 30. g4 Rc8 31. Nxf5 Rxa4 32. g5 Ra2 33. Nh6+ Kf8 34.
gxf6 Rcxc2+ 35. Kb1 Rcb2+ 36. Kc1 Rxf2 0-1

[Event "9th Asrian Memorial 2016"]
[Site "Yerevan ARM"]
[Date "2016.06.21"]
[Round "6.17"]
[White "Martirosyan, Haik M."]
[Black "Babayan, Armine"]
[Result "1-0"]
[WhiteTitle "IM"]
[WhiteElo "2443"]
[BlackElo "2169"]
[WhiteFideId "13306553"]
[BlackFideId "13304135"]
[EventDate "2016.06.16"]

1. d4 Nf6 2. c4 e6 3. Nf3 b6 4. g3 Ba6 5. b3 Bb4+ 6. Bd2 Be7 7. Bg2 c6 8. O-O
O-O 9. Bc3 d5 10. Nbd2 Nbd7 11. Qc2 Rc8 12. e4 dxe4 13. Nxe4 Nxe4 14. Qxe4 b5
15. Rfd1 bxc4 16. Qe2 Nb6 17. Ne5 Nd5 18. Qe1 cxb3 19. axb3 Bb5 20. Rxa7 Ra8 21.
Rda1 Rxa7 22. Rxa7 Qb6 23. Rd7 Re8 24. Qa1 c5 25. dxc5 Bxc5 26. Rxf7 Nxc3 27.
Qxc3 Bd4 28. Qb4 Bxe5 29. Rb7 Qd4 30. Qxb5 Rf8 31. Qe2 Kh8 32. Be4 Qa1+ 33. Kg2
Bd4 34. f3 g6 35. Rd7 e5 36. Qd3 Qb2+ 37. Kh3 Bg1 38. Qd2 Qxd2 39. Rxd2 Rb8 40.
Kg2 Bd4 41. Bd5 Rc8 42. Ra2 Kg7 43. h4 Rc1 44. Be4 Be3 45. Ra5 Bd4 46. Rd5 Rg1+
47. Kh2 Re1 48. Rd7+ Kg8 49. Bd5+ Kh8 50. g4 h5 51. Bf7 Bf2 52. Bxg6 Re3 53.
Rh7+ Kg8 54. Rxh5 Rxf3 55. Kg2 Rf4 56. Rf5 Bxh4 57. Rxf4 exf4 58. Kf3 Bg5 59.
Bc2 Kf7 60. Ke4 Ke6 61. b4 Be7 62. b5 Bd6 63. Bd1 Bc7 64. Bf3 Kd6 65. Be2 Ke6
66. Bd1 Bb8 67. Bb3+ Kd6 68. Bc4 Bc7 69. Kxf4 Kc5+ 70. Kf5 Kxc4 71. g5 1-0

[Event "9th Asrian Memorial 2016"]
[Site "Yerevan ARM"]
[Date "2016.06.21"]
[Round "6.18"]
[White "Danielyan, Vahe"]
[Black "Avetisyan, Mariam"]
[Result "1/2-1/2"]
[WhiteTitle "FM"]
[WhiteElo "2240"]
[BlackElo "2050"]
[WhiteFideId "13304828"]
[BlackFideId "13307622"]
[EventDate "2016.06.16"]

1. e4 e6 2. d4 d5 3. Nc3 Bb4 4. e5 c5 5. a3 Bxc3+ 6. bxc3 Qc7 7. Nf3 b6 8. a4
Ne7 9. Bb5+ Nec6 10. O-O Ba6 11. Bxa6 Nxa6 12. Ba3 Na5 13. Qd3 Nb8 14. dxc5 bxc5
15. Qb5+ Nd7 16. Qe2 Nc4 17. Rfe1 Nxa3 18. Rxa3 O-O 19. c4 d4 20. Ng5 h6 21. Nh3
Rab8 22. Kh1 Rb2 23. f4 Rfb8 24. Raa1 Qa5 25. f5 Qc3 26. fxe6 fxe6 27. Rac1 Rf8
28. a5 Rf5 29. Qe4 Rxe5 30. Qa8+ Rb8 31. Qxb8+ Nxb8 32. Rxe5 d3 33. Rxe6 Qd2 34.
Re8+ Kh7 35. Ree1 dxc2 36. Ng1 Nc6 37. Nf3 Qd3 38. Ne5 Nxe5 39. Rxe5 Qxc4 40. a6
Qd3 41. Ree1 c4 42. Rf1 c3 43. Rf2 Qd2 44. Rff1 h5 45. Rce1 h4 46. h3 Kh6 47.
Re6+ g6 48. Ree1 Qd3 49. Rc1 g5 50. Rf2 Qd1+ 51. Rf1 Qe2 52. Rfe1 Qd2 53. Rf1 g4
54. hxg4 h3 55. gxh3 Kg5 56. Rf5+ Kg6 57. Rff1 Qd3 58. Kh2 Qe2+ 59. Kg3 Qe3+ 1/2-1/2

[Event "9th Asrian Memorial 2016"]
[Site "Yerevan ARM"]
[Date "2016.06.21"]
[Round "6.19"]
[White "Tiraturyan, David"]
[Black "Sargsyan, Anna M."]
[Result "1-0"]
[WhiteElo "2235"]
[BlackElo "1948"]
[WhiteFideId "13304402"]
[BlackFideId "13308130"]
[EventDate "2016.06.16"]

1. e4 c6 2. d4 d5 3. Nd2 dxe4 4. Nxe4 Nd7 5. Bc4 Ngf6 6. Nxf6+ Nxf6 7. c3 Qc7 8.
Ne2 Bf5 9. Ng3 Bg6 10. h4 h6 11. Qf3 e6 12. h5 Bh7 13. Bxh6 gxh6 14. Qxf6 Rg8
15. Qf3 O-O-O 16. O-O-O Bd6 17. Ne4 Bf4+ 18. Kb1 Bf5 19. g3 Bd6 20. Qe3 c5 21.
Bd3 Bxe4 22. Bxe4 cxd4 23. cxd4 Kb8 24. Rd3 Rg5 25. Rb3 b6 26. Rc1 Qd7 27. Bc6
Qe7 28. d5 Bc7 29. Qe2 Bd6 30. Qa6 Qc7 31. a4 1-0

[Event "9th Asrian Memorial 2016"]
[Site "Yerevan ARM"]
[Date "2016.06.21"]
[Round "6.20"]
[White "Yeritsyan, Hayk"]
[Black "Gavrish, Leonid"]
[Result "1-0"]
[WhiteElo "2082"]
[BlackElo "2212"]
[WhiteFideId "13307320"]
[BlackFideId "14110040"]
[EventDate "2016.06.16"]

1. e4 d6 2. d4 Nf6 3. Nc3 g6 4. Nf3 Bg7 5. Bg5 O-O 6. e5 Nfd7 7. e6 fxe6 8. Qe2
Nb6 9. O-O-O Nc6 10. h4 d5 11. Qd2 Rxf3 12. gxf3 Nxd4 13. h5 Nxf3 14. Qe3 Nxg5
15. Qxg5 Qf8 16. hxg6 h6 17. Qd2 Bd7 18. Bd3 c5 19. Rh4 c4 20. Be2 Qf6 21. Rf4
Qxg6 22. Rg4 Qf6 23. Rdg1 Rf8 24. Rg6 Be8 25. Rxf6 Rxf6 26. Qe3 Bf7 27. Qg3 Rg6
28. Qb8+ Kh7 29. Rxg6 Bxg6 30. Qxb7 d4 31. Ne4 Nd5 32. Nc5 d3 33. cxd3 Nf4 34.
Bf3 cxd3 35. Be4 Bf5 36. Bxf5+ exf5 37. Qxe7 1-0

[Event "9th Asrian Memorial 2016"]
[Site "Yerevan ARM"]
[Date "2016.06.21"]
[Round "6.21"]
[White "Zhylkaidarova, Sholpan"]
[Black "Matevosyan, Sedrak"]
[Result "0-1"]
[WhiteTitle "WFM"]
[WhiteElo "2164"]
[BlackElo "2077"]
[WhiteFideId "13700138"]
[BlackFideId "13302035"]
[EventDate "2016.06.16"]

1. d4 Nf6 2. c4 e6 3. Nc3 Bb4 4. Qc2 O-O 5. a3 Bxc3+ 6. Qxc3 b5 7. cxb5 c6 8.
Qg3 Ne4 9. Qd3 d5 10. Nf3 cxb5 11. Bf4 Nc6 12. Qxb5 Bd7 13. Qd3 g5 14. Bd2 Qf6
15. Be3 Rab8 16. b4 Rfc8 17. h4 g4 18. Ng5 e5 19. Nxe4 dxe4 20. Qxe4 Bf5 21. Qd5
Nxd4 22. Bxd4 exd4 23. Rd1 d3 24. exd3 Qc3+ 25. Rd2 Qc1+ 26. Rd1 Re8+ 27. Be2
Rxe2+ 28. Kxe2 Re8+ 29. Qe4 Rxe4+ 30. dxe4 Qc2+ 31. Ke1 Bxe4 32. Rg1 Bd3 33. Rd2
Qc1+ 34. Rd1 Qc3+ 35. Rd2 Qe5+ 0-1